000 01457nam a2200361 a 4500
001 ebr10630569
003 CaPaEBR
006 m u
007 cr cn|||||||||
008 120726s2013 njua sb 001 0 eng d
010 _z 2012030186
020 _z9781118301449 (pbk.)
020 _z9781118419816 (e-book)
040 _aCaPaEBR
_cCaPaEBR
035 _a(OCoLC)820621469
050 1 4 _aHG4638
_b.B855 2013eb
082 0 4 _a332.63/2042
_223
100 1 _aBulkowski, Thomas N.,
_d1957-
245 1 0 _aVisual guide to chart patterns
_h[electronic resource] /
_cThomas N. Bulkowski.
260 _aHoboken, N.J. :
_bBloomberg Press,
_cc2013.
300 _axi, 328 p. :
_bcol. ill.
440 0 _aBloomberg financial series
504 _aIncludes bibliographical references and index.
505 0 _apt. 1. The basics -- pt. 2. Pattern identification -- pt. 3. Basic buy setups -- pt. 4. Basic sell signals.
533 _aElectronic reproduction.
_bPalo Alto, Calif. :
_cebrary,
_d2011.
_nAvailable via World Wide Web.
_nAccess may be limited to ebrary affiliated libraries.
650 0 _aStocks
_vCharts, diagrams, etc.
650 0 _aStocks
_xPrices
_vCharts, diagrams, etc.
650 0 _aInvestment analysis.
650 0 _aSpeculation.
655 7 _aElectronic books.
_2local
710 2 _aebrary, Inc.
856 4 0 _uhttp://site.ebrary.com/lib/rucke/Doc?id=10630569
_zAn electronic book accessible through the World Wide Web; click to view
999 _c52807
_d52807